Omniscient Reader's Viewpoint Characters - Statistics

General Stats
  • This quiz has been taken 355 times
  • The average score is 26 of 80
Answer Stats
Hint Answer % Correct
Demon King of Salvation Kim Dokja
92%
King's Guardian Selena Kim
82%
Father of the Rich Night Hades
80%
Demon-like Judge of Fire Uriel
79%
Queen of the Darkest Spring Persephone
78%
Supreme King Yoo Joonghyuk
70%
Prophet Anna Croft
69%
God of Wine and Ectasy Dionysus
68%
Insect King Lee Gilyoung
66%
Black Flames Empress Han Sooyoung
65%
Prisoner of the Golden Headband Sun Wukong
65%
Devil of Lust and Wrath Asmodeus
64%
Moonlight Empress Yoo Sangah
63%
Judge of Evil Jung Heewon
61%
Naval Warfare God Lee Jihye
60%
Lighting Throne Zeus
57%
Delusion Demon Kim Namwoon
55%
Emperor of Steelsword Lee Hyunsung
55%
Guam Divine Doctor Heo Jun
53%
Lily Blooming in Aquarius Gabriel
51%
Scribe of Heaven Metatron
50%
Beast Master Shin Yoosung
50%
Spear that Parts the Boundaries of the Sea Poseidon
48%
God of Medicine Lee Seolhwa
45%
King of Corrupted Angels Michael
45%
Midday Sun Ra
40%
Last Pharaoh Cleopatra
37%
King of Wanderers Lee Sookyung
35%
Abandoned Lover of the Labryingth Ariadne
34%
Supreme God of Light Surya
34%
Commander of the Red Cosmos Jophiel
32%
One Who Changes His Existence Loki
31%
Guardians of Youth and Travel Raphael
31%
Troy's Sorrow Achilles
30%
Sovereign of Eight Heads Yamata no Orochi
29%
Ruler of the Deepest Pit Abaddon
28%
Hermit King of Shadows Han Donghoon
28%
Salvation Leader Nirvana Moebius
28%
King of Beauty Min Jiwon
26%
Goryeo's First Sword Cheok Jungyeong
25%
Lord of the Beautiful Beard Guan Yu
25%
Dimensional Mover Jang Hayoung
25%
The One Who Stabbed His Own Eyes Oedipus
25%
Ruler of the East Hell Agares
24%
Paradox Baekchung Kyrgios Rodgraim
24%
Breaking the Sky Sword Saint Namgung Minyoung
24%
The Disaster of Questions Myung Ilsang
21%
Neutral King Jeon Ildo
20%
Duke of Loyalty and Warfare Yi Sunsin
20%
Story Expert Aileen Makerfield
18%
Founder of Humanity Manu
18%
Master of Steel Tin Woodman
18%
God-King of Thunderbolts Indra
17%
Mandala's Guardian Sakyamuni
16%
Heavenly Wind God Pungbaek
15%
The One Who Faces God Camael
13%
First Sorceror of Joseon Jeon Woochi
13%
Sleeping Lady of Brocade Queen Jinseong of Silla
13%
Onmyoji of Contradictions Abe no Seimei
12%
Matreiya King Cha Sangkyung
12%
Friend of Justice and Harmony Raguel
12%
Founder’s Mother Ungnyeo
12%
Tyrant King Jung Youngho
11%
Founder of Hangul King Sejong
11%
Snake Cutter Susanoo
11%
Expert at Sitting on the Fence Gwanghaegun of Joseon
10%
The Last Hero of Hwangsanbeol Gyebaek
10%
Full Body Red Square Iris Rebezova
10%
Bald Leader of the Peasant's Army Yujeong Samyeongdang
10%
Earth Dragon King Gu Daesung
7%
Hwarang Knows No Retreat Gwanchang
7%
Fighting King Kim Baekho
7%
Harbin Sniper An Junggeun
6%
Korean Empire Invader Ito Hirobumi
6%
Dragon Lying Down Zhuge Liang
6%
Founder of Hannamgun Gyeon Hwon
5%
Duke of Firmness and Compassion Lee Eokgi
5%
The Shaman King Namhae Chachaung
5%
Prudent King Yoon Kiyoung
4%
Nation’s Independence Activist Yu Gwansoon
4%
No matching quizzes found
Score Distribution
Percent of People with Each Score
Percentile by Number Answered
Your Score History
You have not taken this quiz